Termofluidos, turbomáquinas y máquinas térmicas / Frederick M.Golden, Luis Batres de la Vega, Guillermo Terrones M. (Registro nro. 22082)
[ vista simple ]
| 000 -LÍDER | |
|---|---|
| fixed length control field | 00572nam a2200145 4500 |
| 008 - ELEMENTOS DE LONGITUD FIJA -- INFORMACIÓN GENERAL | |
| fixed length control field | 0 1989 0a 000 0mex |
| 020 ## - NÚMERO INTERNACIONAL NORMALIZADO PARA LIBROS | |
| ISBN | 968-26-0860-0 |
| 082 ## - NUMERO DE CLASIFICACION DECIMAL DEWEY | |
| Número de Clasificación | 621.4025 G639t |
| 100 ## - ASIENTO PRINCIPAL--NOMBRE PERSONAL | |
| Nombre personal | Golden, Frederick M. |
| 245 ## - TÍTULO | |
| Título | Termofluidos, turbomáquinas y máquinas térmicas / Frederick M.Golden, Luis Batres de la Vega, Guillermo Terrones M. |
| 260 ## - PUBLICACIÓN, DISTRIBUCIÓN, ETC. (PIE DE IMPRENTA) | |
| Lugar de publicación, distribución, etc. | México : CECSA |
| 300 ## - DESCRIPCIÓN FÍSICA | |
| Extensión | 631 p. / 23 cm. |
| 650 ## - ASIENTO SECUNDARIO DE MATERIA - TERMINO TEMÁTICO | |
| Término temático o nombre geográfico como elemento de entrada | 1. MAQUINAS TERMICAS 2. TURBOMAQUINAS 3. TERMOFLUIDOS |
| 700 ## - ASIENTO SECUNDARIO - NOMBRE PERSONAL | |
| Nombre personal | I. Batres de la Vega, Luis. coaut. II. Terrones M., Guillermo . coaut. |
| No. biblioteca | No. biblioteca | Número de clasificación | Código de barras/Número de adquisición | Número de copia | Tipo de material |
|---|---|---|---|---|---|
| LUIS G. INCLAN | LUIS G. INCLAN | 621.4025 G639t | 11322 | 1 | Libros |
| LUIS G. INCLAN | LUIS G. INCLAN | 621.4025 G639t | 11323 | 2 | Libros |
